[Event "91 Bristol Open Congress"]
[Site "Bristol, United Kingdom"]
[Date "2025.03.29"]
[Round "3.21"]
[White "Perrin, Brent"]
[Black "Gillings, Matt"]
[Result "1/2-1/2"]
[WhiteElo "1918"]
[BlackElo "2024"]
[PlyCount "69"]
[GameId "2168315912296178"]
[EventDate "2025.03.28"]
[SourceVersionDate "2025.04.02"]

1. e4 c5 2. Nf3 d6 3. c3 Nf6 4. Be2 e6 5. O-O Nbd7 6. d3 Be7 7. Re1 b6 8. Nbd2 Bb7 9. Nf1 O-O 10. Ng3 Qc7 11. Bf1 Rac8 12. d4 cxd4 13. Nxd4 d5 14. exd5 Nxd5 15. c4 N5f6 16. Ngf5 Bb4 17. Nb5 Qb8 18. Nfd6 Bxe1 19. Nxc8 Bxf2+ 20. Kxf2 Bxc8 21. Kg1 Qe5 22. Nc3 Qc5+ 23. Kh1 Ne5 24. Qe2 Ba6 25. b3 Qd4 26. Bb2 Neg4 27. h3 Qf4 28. hxg4 Nxg4 29. g3 Qxg3 30. Qg2 Bb7 31. Nd5 Bxd5 32. cxd5 Nf2+ 33. Kg1 Nh3+ 34. Kh1 Nf2+ 35. Kg1 1/2-1/2

[Event "91 Bristol Open Congress"]
[Site "Bristol, United Kingdom"]
[Date "2025.03.29"]
[Round "3.22"]
[White "Hu, Junyan"]
[Black "He, Canzhou"]
[Result "0-1"]
[WhiteElo "1934"]
[BlackElo "2010"]
[PlyCount "60"]
[GameId "2168317178291961"]
[EventDate "2025.03.28"]
[SourceVersionDate "2025.04.02"]

1. e4 c5 2. Nf3 e6 3. d4 cxd4 4. Nxd4 Nf6 5. Nc3 Nc6 6. g3 d5 7. exd5 exd5 8. Bg2 Bg4 9. f3 Bd7 10. O-O Be7 11. Be3 O-O 12. Nce2 Rc8 13. Qd3 Ne5 14. Qd1 Nc4 15. Bc1 Bc5 16. b3 Nd6 17. Be3 Re8 18. Bf2 Qb6 19. a4 Nf5 20. Rc1 Ne3 21. Bxe3 Rxe3 22. Qd2 Rxe2 23. Qxe2 Bxd4+ 24. Kh1 Be3 25. Rce1 d4 26. Qd3 Rc3 27. Qd1 Bf5 28. Re2 Qc5 29. Rfe1 Bxc2 30. Qa1 Bxb3 0-1

[Event "91 Bristol Open Congress"]
[Site "Bristol, United Kingdom"]
[Date "2025.03.29"]
[Round "3.23"]
[White "Shivakumar, Akshath"]
[Black "Fathallah, Joe"]
[Result "1-0"]
[WhiteElo "1912"]
[BlackElo "2004"]
[PlyCount "95"]
[GameId "2168318173103871"]
[EventDate "2025.03.28"]
[SourceVersionDate "2025.04.02"]

1. d4 f5 2. Bg5 h6 3. Bh4 g5 4. Bg3 Nf6 5. e3 Bg7 6. h4 g4 7. Bd3 d6 8. Ne2 Nh5 9. Nbc3 O-O 10. Qd2 e5 11. O-O-O Be6 12. f3 Na6 13. Qe1 Qe7 14. fxg4 fxg4 15. d5 Bf5 16. e4 Bd7 17. Bf2 Nb4 18. Be3 Nxd3+ 19. cxd3 c5 20. dxc6 bxc6 21. Qd2 Kh7 22. d4 Qe6 23. dxe5 Bxe5 24. Bd4 Rf6 25. Rhf1 Bxd4 26. Qxd4 c5 27. Rxf6 cxd4 28. Rxe6 Bxe6 29. Rxd4 Rd8 30. a3 a6 31. e5 d5 32. Rb4 Bc8 33. Rd4 Be6 34. Kd2 Kg6 35. Nf4+ Nxf4 36. Rxf4 Bf5 37. Ke3 Bc2 38. g3 h5 39. Kd4 Rb8 40. b4 a5 41. Nxd5 axb4 42. axb4 Bb3 43. e6 Re8 44. Ke5 Kg7 45. Rf7+ Kg6 46. Ne7+ Kh6 47. Nf5+ Kg6 48. Rg7# 1-0

[Event "91 Bristol Open Congress"]
[Site "Bristol, United Kingdom"]
[Date "2025.03.29"]
[Round "3.24"]
[White "Freeman, Richard"]
[Black "Guilfoyle, John"]
[Result "1-0"]
[WhiteElo "1965"]
[BlackElo "1922"]
[PlyCount "93"]
[GameId "2168329800460067"]
[EventDate "2025.03.28"]
[SourceVersionDate "2025.04.02"]

1. e4 c5 2. Nc3 Nc6 3. f4 g6 4. Nf3 Bg7 5. Bc4 e6 6. f5 d5 7. exd5 exd5 8. Nxd5 Bxf5 9. Qe2+ Nge7 10. Nxe7 Nxe7 11. Bb5+ Bd7 12. O-O O-O 13. Bxd7 Qxd7 14. Qc4 b6 15. d3 Nd5 16. c3 Rae8 17. d4 cxd4 18. Nxd4 Ne3 19. Bxe3 Rxe3 20. Rad1 Qg4 21. Qd5 Re5 22. Qf3 Re4 23. Qxg4 Rxg4 24. Nc6 Re4 25. Rfe1 Rxe1+ 26. Rxe1 Bf6 27. a3 a5 28. Ne7+ Kg7 29. Nd5 Bd8 30. a4 f5 31. Kf2 Kf7 32. Kf3 Re8 33. Rxe8 Kxe8 34. Kf4 Kd7 35. Ke5 Bc7+ 36. Nxc7 Kxc7 37. h4 Kd7 38. Kf6 Kd6 39. Kg7 Ke6 40. Kxh7 Kf6 41. Kh6 f4 42. b4 Kf5 43. bxa5 bxa5 44. c4 Kg4 45. Kxg6 Kxh4 46. Kf5 Kg3 47. c5 1-0

[Event "91 Bristol Open Congress"]
[Site "Bristol, United Kingdom"]
[Date "2025.03.29"]
[Round "3.25"]
[White "Smith, Ryan"]
[Black "Turner, George"]
[Result "0-1"]
[WhiteElo "1916"]
[BlackElo "1882"]
[PlyCount "128"]
[GameId "2168331875457265"]
[EventDate "2025.03.28"]
[SourceVersionDate "2025.04.02"]

1. e4 c5 2. Nf3 d6 3. Bb5+ Nd7 4. O-O Ngf6 5. Re1 g6 6. c3 Bg7 7. d4 O-O 8. h3 a6 9. Bf1 e5 10. dxe5 dxe5 11. c4 Qc7 12. Nc3 Re8 13. Nd5 Qc6 14. a4 a5 15. Bd2 h6 16. Bc3 Nh7 17. Qd2 b6 18. b3 Nhf8 19. Qb2 f6 20. Nh4 Kh7 21. Re3 Ne6 22. Rg3 Ndf8 23. Bd3 Nd4 24. f4 g5 25. fxg5 hxg5 26. Nf3 Nfe6 27. Nxd4 cxd4 28. Bd2 Nf4 29. Bxf4 gxf4 30. Rf3 Bh6 31. c5 Rf8 32. cxb6 Rf7 33. Rc1 Qd6 34. Rc7 Rxc7 35. bxc7 f5 36. Qc2 Bb7 37. Rf2 Rc8 38. Qc4 Bxd5 39. exd5 e4 40. Qxd4 exd3 41. Qxd3 Rxc7 42. Qxf5+ Kg7 43. Rf1 Rf7 44. Qe4 Qb6+ 45. Kh1 Qxb3 46. Qe5+ Kh7 47. Qe4+ Kg8 48. Re1 Qb6 49. Qc4 Bf8 50. Re6 Qb1+ 51. Kh2 Qb4 52. Qc2 f3 53. Rg6+ Rg7 54. Rxg7+ Kxg7 55. Qf2 Bd6+ 56. g3 Qe4 57. Qb2+ Be5 58. Qb7+ Kf6 59. Qc6+ Kg7 60. Qd7+ Kh6 61. Qe6+ Qg6 62. Kg1 Bd4+ 63. Kf1 Qxe6 64. dxe6 Kg6 0-1

[Event "91 Bristol Open Congress"]
[Site "Bristol, United Kingdom"]
[Date "2025.03.29"]
[Round "3.26"]
[White "Lesniowski, Paul"]
[Black "Norris, Zack"]
[Result "1-0"]
[WhiteElo "1970"]
[BlackElo "2086"]
[PlyCount "145"]
[GameId "2168783024564157"]
[EventDate "2025.03.28"]
[SourceVersionDate "2025.04.02"]

{[%evp 0,63,15,20,17,2,9,-22,13,10,9,-117,0,14,9,8,27,24,23,26,15,0,-4,0,-8,-8,-6,4,2,-21,-2,-4,37,25,-13,86,-25,-16,61,-20,66,-33,-14,-3,-3,-9,-1,83,0,-29,-17,-54,-51,-35,-229,-57,-184,-82,-80,-72,-60,-55,-59,-55,-33,-22]} 1. e4 c5 2. c3 Nf6 3. e5 Nd5 4. d4 cxd4 5. cxd4 d6 6. Nf3 Nc6 7. Bc4 Nb6 8. Bb5 dxe5 9. Nxe5 Bd7 10. Nxd7 Qxd7 11. Nc3 e6 12. O-O Be7 13. Qg4 O-O 14. Be3 Nd5 15. Rac1 Nf6 16. Qg3 a6 17. Bxc6 Qxc6 18. Bh6 Ne8 19. Rfe1 Bd6 20. Bf4 Rd8 21. Be5 Qb6 22. Qe3 Qxb2 23. Rb1 Qa3 24. Rxb7 Bb4 25. Rc1 Rc8 26. Ne2 Qxe3 27. fxe3 Rxc1+ 28. Nxc1 Bd2 29. Nb3 Bxe3+ 30. Kf1 Nf6 31. Ra7 Ng4 32. Bd6 Rc8 33. Rxa6 h5 34. h3 Nf6 35. Ke2 Nd5 36. Bc5 Kh7 37. Kd3 Kg6 38. a4 Rb8 39. Na5 Rb2 40. Nc4 Rb3+ 41. Ke2 Nf4+ 42. Kd1 Rd3+ 43. Kc2 Bxd4 44. Bxd4 Rxd4 45. Ne5+ Kf6 46. Nf3 Re4 47. a5 Re2+ 48. Kb3 Rxg2 49. Rc6 Rf2 50. Rc3 Ne2 51. Re3 Nc1+ 52. Kb4 Rb2+ 53. Ka3 Rb7 54. Ka4 Na2 55. a6 Ra7 56. Kb5 Nb4 57. Kxb4 Rxa6 58. Kc4 Ra4+ 59. Kc5 Ra1 60. Kd4 g5 61. Nd2 Ra4+ 62. Kc5 Kf5 63. Nc4 Kf4 64. Rd3 f5 65. Rd4+ Kg3 66. Rd3+ Kh4 67. Ne5 g4 68. Ng6+ Kg5 69. Nf8 Ra5+ 70. Kc4 Re5 71. h4+ Kh6 72. Rd7 Re4+ 73. Kd3 1-0

[Event "91 Bristol Open Congress"]
[Site "Bristol, United Kingdom"]
[Date "2025.03.29"]
[Round "3.27"]
[White "Gibbs, Dominic"]
[Black "Mize, Dylan"]
[Result "1-0"]
[WhiteElo "1998"]
[BlackElo "1906"]
[PlyCount "99"]
[GameId "2168783178663896"]
[EventDate "2025.03.28"]
[SourceVersionDate "2025.04.02"]

1. Nf3 Nf6 2. g3 b5 3. Bg2 Bb7 4. d3 d5 5. Nbd2 e6 6. O-O Be7 7. Re1 O-O 8. e3 c5 9. Qe2 Nc6 10. e4 Re8 11. e5 Nd7 12. Nf1 a5 13. h4 Nd4 14. Qd1 Qc7 15. Bf4 b4 16. N1h2 Qb6 17. Ng5 Nf8 18. Ng4 Nf5 19. Ne3 Nxe3 20. fxe3 c4 21. d4 c3 22. b3 a4 23. Rc1 axb3 24. axb3 Ng6 25. Qh5 Bxg5 26. hxg5 Ba6 27. Rcd1 Bb7 28. Kf2 Ra2 29. Rc1 Ba6 30. Rh1 Nf8 31. Bf1 Ra8 32. Bxa6 Qxa6 33. Qe2 Qxe2+ 34. Kxe2 Rb2 35. g4 Raa2 36. Kd3 Rxb3 37. Rh2 Rbb2 38. e4 dxe4+ 39. Kxe4 Nd7 40. Kd3 Ra5 41. Rch1 Nf8 42. Be3 Rba2 43. Kc4 R5a4 44. Rf2 Nd7 45. Rhf1 Nb6+ 46. Kd3 Ra7 47. d5 R2a6 48. dxe6 Rc7 49. Rxf7 Rxf7 50. exf7+ 1-0

[Event "91 Bristol Open Congress"]
[Site "Bristol, United Kingdom"]
[Date "2025.03.30"]
[Round "4.1"]
[White "Chan, Sheng Liang Bernard"]
[Black "Arkell, Keith C"]
[Result "0-1"]
[WhiteElo "2174"]
[BlackElo "2424"]
[PlyCount "54"]
[GameId "2168786983932513"]
[EventDate "2025.03.28"]
[SourceVersionDate "2025.04.02"]

{[%evp 0,54,15,19,40,-127,36,0,32,36,51,19,41,48,29,31,37,6,23,15,-54,-3,-1,0,-5,27,4,-15,-34,-33,1,74,19,46,45,32,32,17,65,92,164,-223,-247,-239,-233,-236,-238,-285,-285,-410,-344,-544,-486,-747,-720,-680,-706]} 1. e4 d5 2. exd5 Qxd5 3. h3 c5 4. Nf3 Nc6 5. Nc3 Qd8 6. Bb5 Bd7 7. O-O Nf6 8. b3 e6 9. Bb2 Be7 10. d3 O-O 11. a4 Nd4 12. Bxd7 Qxd7 13. Ne5 Qc7 14. Re1 Rfd8 15. Nb5 Nxb5 16. axb5 Qb6 17. Qe2 Re8 18. Ng4 Qd8 19. Qe5 h5 20. Ra4 hxg4 21. Rxg4 Qd5 22. Qc3 Qh5 23. Ree4 Rad8 24. Ref4 e5 25. Rxg7+ Kxg7 26. g4 Qxh3 27. Qxe5 Rh8 0-1

[Event "91 Bristol Open Congress"]
[Site "Bristol, United Kingdom"]
[Date "2025.03.30"]
[Round "4.2"]
[White "Badacsonyi, Frankie"]
[Black "Crawford, Owen"]
[Result "1/2-1/2"]
[WhiteElo "2275"]
[BlackElo "2110"]
[PlyCount "60"]
[GameId "2168788457772889"]
[EventDate "2025.03.28"]
[SourceVersionDate "2025.04.02"]

1. Nf3 Nf6 2. g3 g6 3. Bg2 Bg7 4. O-O c5 5. c4 O-O 6. d4 d6 7. b3 cxd4 8. Nxd4 d5 9. cxd5 Nxd5 10. Bb2 Nb4 11. Qd2 Qb6 12. Nf3 Rd8 13. Qc1 N8c6 14. Bxg7 Kxg7 15. Nbd2 f6 16. Nc4 Qb5 17. Qb2 e5 18. Rfd1 Be6 19. Ne3 a5 20. Rxd8 Rxd8 21. Nd1 Nd5 22. Bf1 Nc7 23. Nc3 Qb4 24. Ne1 Bf7 25. Nd3 Qe7 26. Bg2 Nb4 27. Ne1 Ne6 28. a3 Nc6 29. b4 axb4 30. axb4 Qxb4 1/2-1/2

[Event "91 Bristol Open Congress"]
[Site "Bristol, United Kingdom"]
[Date "2025.03.30"]
[Round "4.3"]
[White "Stubbs, Oliver"]
[Black "Payne, Matthew"]
[Result "1-0"]
[WhiteElo "2275"]
[BlackElo "2176"]
[PlyCount "69"]
[GameId "2168789720852434"]
[EventDate "2025.03.28"]
[SourceVersionDate "2025.04.02"]

{[%evp 0,69,11,27,18,22,42,8,8,9,15,-5,0,4,29,22,-55,6,21,31,22,13,20,16,-13,-11,-1,-13,-5,7,44,-10,19,31,73,18,39,-8,77,-61,70,124,278,236,391,435,418,408,415,396,396,396,416,407,397,399,376,433,348,455,405,459,478,527,311,483,648,643,650,585,664,483]} 1. d4 Nf6 2. Nf3 g6 3. Bf4 Bg7 4. e3 d6 5. h3 O-O 6. Be2 b6 7. O-O Bb7 8. a4 a6 9. Bh2 Nbd7 10. c4 Ne4 11. Nfd2 Nxd2 12. Nxd2 e5 13. Bf3 Bxf3 14. Nxf3 e4 15. Nd2 f5 16. b4 Qe7 17. Rc1 g5 18. Re1 Rf6 19. c5 bxc5 20. dxc5 Ne5 21. Nxe4 fxe4 22. Qd5+ Qe6 23. Qxa8+ Rf8 24. Qxe4 d5 25. Qc2 g4 26. Bxe5 Bxe5 27. hxg4 Qxg4 28. f4 Bg7 29. Qd1 Qf5 30. Qf3 Re8 31. b5 axb5 32. axb5 Re4 33. b6 cxb6 34. cxb6 Rb4 35. Qh3 1-0

[Event "91 Bristol Open Congress"]
[Site "Bristol, United Kingdom"]
[Date "2025.03.30"]
[Round "4.4"]
[White "Saunders, Aron"]
[Black "Hanache, Kai"]
[Result "1/2-1/2"]
[WhiteElo "2198"]
[BlackElo "2266"]
[PlyCount "70"]
[GameId "2168843375381843"]
[EventDate "2025.03.28"]
[SourceVersionDate "2025.04.02"]

1. e4 c5 2. Nf3 d6 3. Bb5+ Bd7 4. Bxd7+ Nxd7 5. O-O Ngf6 6. Qe2 e6 7. b3 Be7 8. Bb2 O-O 9. c4 Rc8 10. Nc3 a6 11. d4 cxd4 12. Nxd4 Qa5 13. Rac1 Bd8 14. Rfd1 Bb6 15. Nf3 Ng4 16. Rf1 Rfd8 17. h3 Nge5 18. Na4 Ba7 19. Rfd1 Nxf3+ 20. Qxf3 b5 21. Qg3 e5 22. Bc3 Qc7 23. cxb5 Nf6 24. Bd2 Qb7 25. b6 Bxb6 26. Nxb6 Qxb6 27. Bh6 Ne8 28. Qg4 Rxc1 29. Bxc1 Qc6 30. Bg5 f6 31. Rc1 Qd7 32. Qxd7 Rxd7 33. Be3 Rc7 34. Rxc7 Nxc7 35. Kf1 d5 1/2-1/2

[Event "91 Bristol Open Congress"]
[Site "Bristol, United Kingdom"]
[Date "2025.03.30"]
[Round "4.5"]
[White "Beaumont, Chris"]
[Black "Hill, Alistair"]
[Result "1/2-1/2"]
[WhiteElo "2134"]
[BlackElo "2225"]
[PlyCount "70"]
[GameId "2168845069049181"]
[EventDate "2025.03.28"]
[SourceVersionDate "2025.04.02"]

1. Nf3 Nf6 2. c4 c5 3. Nc3 d5 4. cxd5 Nxd5 5. d4 Nxc3 6. bxc3 g6 7. Bg5 Bg7 8. e3 O-O 9. Bd3 Nd7 10. O-O Nf6 11. Rb1 cxd4 12. cxd4 b6 13. Qe2 Bb7 14. Ba6 Qc8 15. Bxb7 Qxb7 16. a4 Ne4 17. Rfc1 Rac8 18. Qd3 e5 19. dxe5 Nxg5 20. Nxg5 Bxe5 21. g3 Rfd8 22. Rxc8 Rxc8 23. h4 Qc7 24. Kg2 Qc6+ 25. Nf3 Bf6 26. Qb5 Kf8 27. Rd1 Qxb5 28. axb5 Ke7 29. Nd4 Bxd4 30. Rxd4 Rc5 31. Ra4 Rc7 32. Rd4 Rd7 33. Rc4 Kd6 34. Rc6+ Ke5 35. Kf3 h5 1/2-1/2

[Event "91 Bristol Open Congress"]
[Site "Bristol, United Kingdom"]
[Date "2025.03.30"]
[Round "4.6"]
[White "Maton, Emily"]
[Black "Badacsonyi, Stanley"]
[Result "0-1"]
[WhiteElo "2049"]
[BlackElo "2420"]
[PlyCount "96"]
[GameId "2168846041742763"]
[EventDate "2025.03.28"]
[SourceVersionDate "2025.04.02"]

1. d4 Nf6 2. c4 g6 3. Nc3 Bg7 4. e4 d6 5. Be2 O-O 6. Be3 e5 7. d5 Na6 8. Qd2 Nc5 9. f3 a5 10. Bh6 Nfxe4 11. fxe4 Qh4+ 12. g3 Qxh6 13. Qxh6 Bxh6 14. h4 Bd7 15. g4 Be3 16. Nh3 f5 17. gxf5 gxf5 18. exf5 Bxf5 19. Nd1 Bd4 20. Nhf2 Na4 21. Kd2 Nxb2 22. Nxb2 Bxf2 23. Nd3 Bd4 24. Raf1 Be4 25. Rxf8+ Rxf8 26. Rh3 Rf6 27. h5 c6 28. dxc6 bxc6 29. a4 d5 30. Nc1 Bc5 31. Nd3 Bd6 32. cxd5 cxd5 33. Rg3+ Kf8 34. Rg5 Bf5 35. Nc1 Bb4+ 36. Kd1 h6 37. Rg2 Bd7 38. Bb5 Bh3 39. Rg3 Bf5 40. Nd3 Bd6 41. Nc1 e4 42. Rg2 d4 43. Nb3 d3 44. Nxa5 e3 45. Nc4 e2+ 46. Ke1 Bb4+ 47. Nd2 Bh3 48. Rg1 Rf1+ 0-1

[Event "91 Bristol Open Congress"]
[Site "Bristol, United Kingdom"]
[Date "2025.03.30"]
[Round "4.7"]
[White "Murawski, Jan"]
[Black "Ashworth, Michael"]
[Result "1/2-1/2"]
[WhiteElo "2252"]
[BlackElo "2133"]
[PlyCount "124"]
[GameId "2168847419526580"]
[EventDate "2025.03.28"]
[SourceVersionDate "2025.04.02"]

{[%evp 0,69,19,16,30,17,31,37,82,22,40,45,50,83,53,19,12,-5,-20,2,11,-46,-35,-46,-52,-112,-128,-86,-116,-117,-121,-146,-146,-262,-245,-299,-308,-155,-340,-332,-283,-299,-321,-356,-362,-405,-350,-189,-368,-446,-342,-333,-378,-206,-324,-353,-248,-159,-218,-222,-237,-200,-219,-196,-194,-229,-283,-283,-291,-290,-296,-299]} 1. c4 g6 2. d4 Bg7 3. Nc3 d6 4. e4 e5 5. dxe5 dxe5 6. Qxd8+ Kxd8 7. f4 Nc6 8. Be3 Be6 9. Nf3 Nf6 10. Ng5 Ng4 11. Bd2 Nd4 12. Bd3 exf4 13. Bxf4 Ne5 14. Bxe5 Bxe5 15. c5 c6 16. Nd1 Kc7 17. Rc1 Bxa2 18. O-O f6 19. Nf3 Nxf3+ 20. gxf3 Rhd8 21. Nf2 Bd4 22. Be2 Be6 23. b4 Be3 24. Rcd1 Rxd1 25. Rxd1 Rd8 26. Rxd8 Kxd8 27. Kg2 a5 28. bxa5 Bxc5 29. Nd3 Bd6 30. f4 Bc4 31. Kf3 Ke7 32. e5 Bc7 33. Nc5 Bxe2+ 34. Kxe2 Bxa5 35. Nxb7 Bb4 36. exf6+ Kxf6 37. Nd8 c5 38. Nc6 Bc3 39. Kd3 Be1 40. Ke2 Bb4 41. Ke3 Kf5 42. h3 Bc3 43. Ne7+ Ke6 44. Nc8 Ba5 45. Na7 Kd5 46. Nb5 Kc4 47. Nd6+ Kb3 48. h4 c4 49. Nxc4 Kxc4 50. Ke4 Bc3 51. f5 Bf6 52. fxg6 hxg6 53. h5 gxh5 54. Kf3 Kd3 55. Kg2 Ke3 56. Kh1 Kf3 57. Kg1 h4 58. Kh1 Be5 59. Kg1 h3 60. Kh1 Kg3 61. Kg1 Bd4+ 62. Kh1 h2 1/2-1/2

[Event "91 Bristol Open Congress"]
[Site "Bristol, United Kingdom"]
[Date "2025.03.30"]
[Round "4.8"]
[White "Ogunshola, Ben"]
[Black "Vaidyanathan, Adithya"]
[Result "0-1"]
[WhiteElo "2215"]
[BlackElo "2133"]
[PlyCount "99"]
[GameId "2168861752754318"]
[EventDate "2025.03.28"]
[SourceVersionDate "2025.04.02"]

{[%evp 0,72,17,-1,10,16,19,24,14,8,14,13,20,18,16,13,17,10,15,0,-2,17,-23,5,-29,-38,-28,9,7,-38,-3,-84,-69,-79,-101,-108,-130,-120,-76,-146,-150,-206,-180,-191,-194,-200,-219,-233,-233,-182,-244,-256,-205,-251,-290,-242,-287,-283,-103,-63,-80,-80,-69,-5,1,47,-53,-2,-15,-70,-70,-224,-118,-296,-205]} 1. c4 c5 2. Nc3 g6 3. Nf3 Bg7 4. g3 Nc6 5. Bg2 e5 6. d3 Nge7 7. a3 a5 8. O-O O-O 9. Rb1 d6 10. Ne1 Be6 11. Nc2 d5 12. cxd5 Nxd5 13. Ne3 Nde7 14. Ne4 b6 15. f4 exf4 16. gxf4 h6 17. Nc4 b5 18. Ne5 Rc8 19. Kh1 Ba2 20. Ra1 Bd5 21. Be3 f5 22. Nxc6 Rxc6 23. Nc3 Bxg2+ 24. Kxg2 Nd5 25. Bd2 b4 26. Na4 Re8 27. Rc1 Bd4 28. axb4 Qh4 29. e4 fxe4 30. dxe4 Rxe4 31. Nxc5 Bxc5 32. Rxc5 Rce6 33. Rf2 Rd4 34. Rxd5 Rxd5 35. Qf3 Red6 36. Be1 Rd3 37. Re2 Qd8 38. Qg4 a4 39. b5 h5 40. Qg5 Qxg5+ 41. fxg5 R3d5 42. Bg3 Rb6 43. Kh3 Rxg5 44. Re8+ Kf7 45. Ra8 Rg4 46. Ra7+ Ke6 47. Ra6 Rxa6 48. bxa6 a3 49. bxa3 Ra4 50. Bf2 0-1

[Event "91 Bristol Open Congress"]
[Site "Bristol, United Kingdom"]
[Date "2025.03.30"]
[Round "4.9"]
[White "Udovenko, Daniel Alexander"]
[Black "Kothari, Jai"]
[Result "1/2-1/2"]
[WhiteElo "2138"]
[BlackElo "2165"]
[PlyCount "34"]
[GameId "2168864055177648"]
[EventDate "2025.03.28"]
[SourceVersionDate "2025.04.02"]

{[%evp 0,34,14,-1,16,14,31,33,43,34,63,35,58,81,120,73,94,86,89,126,103,79,76,68,58,62,-7,8,44,18,-57,22,43,1,9,-14,-91]} 1. d4 Nf6 2. c4 c5 3. d5 b5 4. Nf3 bxc4 5. Nc3 e6 6. e4 Bb7 7. Bxc4 exd5 8. exd5 d6 9. O-O Be7 10. Re1 O-O 11. h3 Nbd7 12. Bf4 Nb6 13. Qd3 Rb8 14. Re3 Nxc4 15. Qxc4 Ba8 16. Qe2 Re8 17. Qd2 Bf8 1/2-1/2

[Event "91 Bristol Open Congress"]
[Site "Bristol, United Kingdom"]
[Date "2025.03.30"]
[Round "4.10"]
[White "Bicknell, Carl"]
[Black "Thomas, James"]
[Result "1/2-1/2"]
[WhiteElo "2150"]
[BlackElo "1922"]
[PlyCount "52"]
[GameId "2168864733483450"]
[EventDate "2025.03.28"]
[SourceVersionDate "2025.04.02"]

{[%evp 0,31,15,17,-39,35,35,29,15,22,-14,16,11,38,32,50,34,35,18,28,59,57,59,66,50,62,45,106,46,46,70,161,105,95]} 1. e4 e6 2. d4 d5 3. Nc3 Nf6 4. Bg5 h6 5. Bxf6 Qxf6 6. exd5 Bb4 7. Bb5+ Bd7 8. Bxd7+ Nxd7 9. dxe6 Qxe6+ 10. Qe2 Bxc3+ 11. bxc3 Qxe2+ 12. Nxe2 O-O-O 13. O-O-O Nb6 14. Rhe1 Rd6 15. Ng3 Nd5 16. Ne4 Ra6 17. c4 Nb6 18. c5 Nd5 19. Kb2 f5 20. Nd2 Rf8 21. Nc4 Rff6 22. a3 b6 23. cxb6 Nxb6 24. Nxb6+ Rfxb6+ 25. Ka2 Rc6 26. Kb2 Rcb6+ 1/2-1/2

[Event "91 Bristol Open Congress"]
[Site "Bristol, United Kingdom"]
[Date "2025.03.30"]
[Round "4.12"]
[White "He, Canzhou"]
[Black "Liu, Jack"]
[Result "1/2-1/2"]
[WhiteElo "2010"]
[BlackElo "2285"]
[PlyCount "78"]
[GameId "2168867048047135"]
[EventDate "2025.03.28"]
[SourceVersionDate "2025.04.02"]

1. d4 Nf6 2. c4 g6 3. g3 Bg7 4. Bg2 d5 5. Nf3 O-O 6. cxd5 Nxd5 7. O-O Nb6 8. e4 Bg4 9. d5 Qd7 10. Nc3 c6 11. Be3 Nc4 12. Qc1 Nxe3 13. Qxe3 Na6 14. Nd4 Rfd8 15. Rac1 Rac8 16. Rfe1 cxd5 17. exd5 Nc5 18. Ne4 Nxe4 19. Qxe4 Rxc1 20. Rxc1 Rc8 21. Rxc8+ Qxc8 22. Nb3 Bf6 23. h4 h5 24. Qe3 Qc2 25. Qxa7 Qb1+ 26. Kh2 Qxb2 27. Kg1 Kg7 28. Qa5 Qb1+ 29. Kh2 Qc2 30. Qd2 Qxd2 31. Nxd2 Bd4 32. f3 Bd7 33. Bh3 Bb5 34. Bc8 b6 35. Bb7 Bd3 36. a4 f5 37. f4 Be2 38. Kg2 Kf6 39. Nf3 Bxf3+ 1/2-1/2

[Event "91 Bristol Open Congress"]
[Site "Bristol, United Kingdom"]
[Date "2025.03.30"]
[Round "4.13"]
[White "Garcia, Oscar"]
[Black "Freeman, Richard"]
[Result "1/2-1/2"]
[WhiteElo "2150"]
[BlackElo "1965"]
[PlyCount "225"]
[GameId "2168868282843688"]
[EventDate "2025.03.28"]
[SourceVersionDate "2025.04.02"]

{[%evp 0,56,12,27,21,-4,32,33,27,41,33,45,35,49,44,44,11,14,58,62,43,100,100,73,93,87,108,106,65,79,76,76,188,213,279,267,229,210,189,272,197,295,224,191,52,176,172,166,194,91,90,100,-44,96,15,91,29,55,85]} 1. e4 c5 2. c3 g6 3. d4 cxd4 4. cxd4 d5 5. e5 Nc6 6. Bb5 Bg7 7. Nc3 Nh6 8. Bf4 e6 9. Qd2 Ng8 10. Bxc6+ bxc6 11. Nge2 f6 12. h4 fxe5 13. Bxe5 Bxe5 14. dxe5 Qc7 15. Qg5 Bd7 16. h5 Ne7 17. hxg6 Nxg6 18. Qxg6+ hxg6 19. Rxh8+ Kf7 20. Rxa8 Bc8 21. O-O-O Qb7 22. Rxc8 Qxc8 23. Nd4 Qa6 24. Rh1 Qc4 25. Nb3 Qf4+ 26. Nd2 Qxe5 27. Nf3 Qf4+ 28. Kc2 e5 29. Nd2 Kg7 30. f3 Qg3 31. Na4 Qxg2 32. Re1 Qf2 33. Rf1 Qd4 34. Nc3 c5 35. Re1 c4 36. Nb5 Qd3+ 37. Kc1 d4 38. Rxe5 c3 39. bxc3 dxc3 40. Nb1 Qxf3 41. Re7+ Kf8 42. Rxa7 Qf1+ 43. Kc2 Qxb5 44. Nxc3 Qf5+ 45. Kb3 Qe6+ 46. Kc2 Qf5+ 47. Kb3 g5 48. Ra8+ Kg7 49. Kc4 Qe6+ 50. Kd4 Qb6+ 51. Kd3 Qd6+ 52. Ke3 Qf4+ 53. Ke2 g4 54. Re8 Qf3+ 55. Kd2 g3 56. Re7+ Kf8 57. Re3 Qf2+ 58. Ne2 g2 59. Kd3 g1=Q 60. Nxg1 Qxg1 61. Kd2 Qb1 62. a3 Kf7 63. Kc3 Qc1+ 64. Kd4 Qd2+ 65. Rd3 Qb2+ 66. Kc4 Ke6 67. Re3+ Kd6 68. Rc3 Qa2+ 69. Kb4 Kd5 70. Rd3+ Kc6 71. Rc3+ Kb6 72. a4 Qb2+ 73. Kc4 Ka5 74. Rb3 Qc2+ 75. Rc3 Qxa4+ 76. Kd5 Qd7+ 77. Kc5 Qf5+ 78. Kd4 Kb4 79. Rc4+ Kb5 80. Rc3 Qd7+ 81. Ke4 Kb4 82. Rd3 Qe6+ 83. Kd4 Qc4+ 84. Ke3 Qc1+ 85. Ke4 Qc6+ 86. Ke3 Qc5+ 87. Ke4 Kc4 88. Rd2 Qe7+ 89. Kf3 Qe5 90. Re2 Qd5+ 91. Kf4 Kd3 92. Re5 Qf7+ 93. Rf5 Qc7+ 94. Kf3 Qc6+ 95. Kf4 Qh6+ 96. Ke5 Ke3 97. Rf6 Qh4 98. Re6 Qg5+ 99. Kd6+ Kd4 100. Kd7 Qb5+ 101. Ke7 Qc5+ 102. Kf7 Kd5 103. Rf6 Qc8 104. Kg6 Ke5 105. Kg7 Qc2 106. Rf7 Qg2+ 107. Kh8 Ke6 108. Rg7 Qc2 109. Rg6+ Kf5 110. Rg7 Qc3 111. Kh7 Qc4 112. Rg6 Qf7+ 113. Kh8 1/2-1/2

[Event "91 Bristol Open Congress"]
[Site "Bristol, United Kingdom"]
[Date "2025.03.30"]
[Round "4.14"]
[White "Turner, George"]
[Black "White, Stuart"]
[Result "0-1"]
[WhiteElo "1882"]
[BlackElo "2124"]
[PlyCount "148"]
[GameId "2169024322278486"]
[EventDate "2025.03.28"]
[SourceVersionDate "2025.04.02"]

1. e4 c5 2. Nf3 d6 3. d4 cxd4 4. Nxd4 Nf6 5. Nc3 Nc6 6. Bg5 e6 7. f4 h6 8. Bh4 Be7 9. Nb3 Bd7 10. Bd3 Nxe4 11. Bxe7 Nxc3 12. Bxd8 Nxd1 13. Bc7 Nxb2 14. Bxd6 Nxd3+ 15. cxd3 b6 16. Rc1 Ne7 17. Nd4 Nd5 18. O-O f6 19. f5 Kf7 20. fxe6+ Bxe6 21. Ba3 Bd7 22. Nf5 Bxf5 23. Rxf5 Rhd8 24. Kf2 Rd7 25. Rc4 Rad8 26. Rd4 Nc3 27. Rxd7+ Rxd7 28. Ke3 Nd5+ 29. Kd2 b5 30. Bc5 a5 31. d4 Ke6 32. Rf1 Nc7 33. Kc3 Nd5+ 34. Kd3 Rb7 35. Re1+ Kf7 36. g3 b4 37. Kc4 Rd7 38. Kb5 Nc3+ 39. Kxa5 Nxa2 40. Ka4 Rb7 41. Kb3 Nc3 42. Kc4 Na4 43. Bxb4 Nb2+ 44. Kc3 Rxb4 45. Rb1 Rc4+ 46. Kxb2 Rxd4 47. Kc3 Rd7 48. Rb4 g5 49. g4 Kg6 50. h3 Rd1 51. Kc2 Rd6 52. Kc3 h5 53. Rb8 hxg4 54. hxg4 Kf7 55. Rb5 Ke6 56. Kc4 Rd1 57. Rb6+ Ke5 58. Rb5+ Kf4 59. Rf5+ Kxg4 60. Rxf6 Kg3 61. Rg6 g4 62. Kc3 Kf3 63. Rf6+ Kg2 64. Rg6 g3 65. Kc2 Rd5 66. Rg7 Kf2 67. Rf7+ Kg1 68. Rg7 g2 69. Rg6 Kf2 70. Rf6+ Kg3 71. Rg6+ Kf3 72. Kc1 Rd4 73. Rf6+ Rf4 74. Rg6 Kf2 0-1